00437cam a22001457a 4500008004000000020001500040082001600055245007100071260003900142300001000181650001800191650002800209650003200237700002200269180718b2005 xxu||||| |||| 00| 0 eng d a8178815451 aT19x54 R18i aIndia: an emerging economic powerhousecedited by N. Janardhan Rao aHyderabadbICFAI Univ. Pressc2005 a233p. aGlobalization aEconomic reform - India aIndia - Economic conditions aRao, N. Janardhan